Unicorn thinks he's pretty great [CD/sound ... Read More
Available copies
- 1 of 1 copy available at LARL/NWRL Consortium.
Current holds
0 current holds with 1 total copy.
View other formats and editions
Show Only Available Copies
| Location | Call Number / Copy Notes | Barcode | Shelving Location | Status | Due Date |
|---|---|---|---|---|---|
| Godel Memorial-Warren Library | BOOK-ON-CD j SHE (Text) | 35500005608458 | Main | Available | - |
Record details
- ISBN: 9781470371920
- ISBN: 1470371928
- Physical Description: 1 sound disc (15 min.) : digital ; 4 3/4 in.
- Edition: Unabridged.
- Publisher: Prince Frederick, MD : Recorded Books, p2013.
Content descriptions
| General Note: | Compact disc. Title from container. In container (17 cm.). "With tracks every 3 minutes for easy book marking"--Container. "The same text is on both tracks. Track 2 has page-turn signals."--Container. |
| Participant or Performer Note: | Narrated by Jared Goldsmith. |
| Summary, etc.: | Envy turns to admiration and finally to friendship ... Read More |
| Target Audience Note: | 4 years and up. |
Search for related items by subject
| Genre: | Children's audiobooks. Audiobooks. Audiobooks. Children's audiobooks. Fiction. Juvenile works. |
| LDR | 02331cim a2200625Ma 4500 | ||
|---|---|---|---|
| 001 | 189532 | ||
| 003 | LARL_NWRL_CONSORTIUM | ||
| 005 | 20150903123247.0 | ||
| 007 | sd fungnnmmned | ||
| 008 | 130327s2013 mdunnnnj f n eng d | ||
| 020 | . | ‡a9781470371920 | |
| 020 | . | ‡a1470371928 | |
| 028 | 0 | 1. | ‡aC02752 ‡bRecorded Books |
| 035 | . | ‡a(OCoLC)852861348 | |
| 040 | . | ‡aRECBX ‡beng ‡cRECBX ‡dOCLCO ‡dTXBXL ‡dOCLCO ‡dOCLCF ‡dOCLCO ‡dOCL ‡dOCLCO ‡dNRG | |
| 049 | . | ‡aNRGP | |
| 050 | 1 | 4. | ‡aPZ7.S53743 ‡bUn 2013c |
| 082 | 0 | 4. | ‡a[E] ‡223 |
| 100 | 1 | . | ‡aShea, Bob. ‡0(LARL_NWRL_CONSORTIUM)195825 |
| 245 | 1 | 0. | ‡aUnicorn thinks he's pretty great ‡h[CD/sound recording] / ‡cBob Shea. |
| 246 | 3 | . | ‡aUnicorn thinks he is pretty great |
| 250 | . | ‡aUnabridged. | |
| 260 | . | ‡aPrince Frederick, MD : ‡bRecorded Books, ‡cp2013. | |
| 300 | . | ‡a1 sound disc (15 min.) : ‡bdigital ; ‡c4 3/4 in. | |
| 500 | . | ‡aCompact disc. | |
| 500 | . | ‡aTitle from container. | |
| 511 | 0 | . | ‡aNarrated by Jared Goldsmith. |
| 500 | . | ‡aIn container (17 cm.). | |
| 500 | . | ‡a"With tracks every 3 minutes for easy book marking"--Container. | |
| 500 | . | ‡a"The same text is on both tracks. Track 2 has page-turn signals."--Container. | |
| 521 | 1 | . | ‡a4 years and up. |
| 520 | . | ‡aEnvy turns to admiration and finally to friendship for Goat and Unicorn. | |
| 650 | 1. | ‡aUnicorns ‡vFiction. | |
| 650 | 1. | ‡aGoats ‡vFiction. ‡0(LARL_NWRL_CONSORTIUM)165448 | |
| 650 | 1. | ‡aEnvy ‡vFiction. | |
| 650 | 1. | ‡aFriendship ‡vFiction. ‡0(LARL_NWRL_CONSORTIUM)164944 | |
| 650 | 0. | ‡aAudiobooks. ‡0(LARL_NWRL_CONSORTIUM)39121 | |
| 650 | 0. | ‡aEnvy ‡vJuvenile fiction. | |
| 650 | 0. | ‡aGoats ‡vJuvenile fiction. | |
| 650 | 0. | ‡aFriendship ‡vJuvenile fiction. ‡0(LARL_NWRL_CONSORTIUM)164914 | |
| 650 | 7. | ‡aAudiobooks. ‡2fast ‡0(LARL_NWRL_CONSORTIUM)39121 | |
| 650 | 7. | ‡2fast ‡aEnvy ‡0(LARL_NWRL_CONSORTIUM)19524 | |
| 650 | 7. | ‡aFriendship. ‡2fast ‡0(LARL_NWRL_CONSORTIUM)20818 | |
| 650 | 7. | ‡aGoats. ‡2fast ‡0(LARL_NWRL_CONSORTIUM)21322 | |
| 655 | 7. | ‡aChildren's audiobooks. ‡2lcgft ‡0(LARL_NWRL_CONSORTIUM)175844 | |
| 655 | 7. | ‡aAudiobooks. ‡2lcgft ‡0(LARL_NWRL_CONSORTIUM)175801 | |
| 655 | 7. | ‡aAudiobooks. ‡2fast ‡0(LARL_NWRL_CONSORTIUM)175801 | |
| 655 | 7. | ‡aChildren's audiobooks. ‡2fast ‡0(LARL_NWRL_CONSORTIUM)175844 | |
| 655 | 7. | ‡aFiction. ‡2fast | |
| 655 | 7. | ‡aJuvenile works. ‡2fast | |
| 700 | 1 | . | ‡aGoldsmith, Jared. ‡4nrt ‡0(LARL_NWRL_CONSORTIUM)218461 |
| 710 | 2 | . | ‡aRecorded Books, LLC. ‡0(LARL_NWRL_CONSORTIUM)216113 |
| 901 | . | ‡a189532 ‡bOCLC ‡c189532 ‡tbiblio | |

Add to basket
Permalink
Disable Highlighting